[Event "Basel op 24th"]
[Site "Basel"]
[Date "2022.03.06"]
[Round "5"]
[White "Das, Soham"]
[Black "Peng, Li Min"]
[Result "0-1"]
[WhiteElo "2336"]
[BlackElo "2498"]
[PlyCount "66"]
[EventDate "2022.03.04"]
[EventType "swiss"]
[EventRounds "5"]
[EventCountry "SUI"]
[SourceTitle "EXT 2024"]
[Source "ChessBase"]
[SourceDate "2023.10.10"]
[SourceVersion "1"]
[SourceVersionDate "2023.10.10"]
[SourceQuality "1"]

1. e4 c5 2. Nf3 e6 3. d3 d5 4. Qe2 Be7 5. g3 Nc6 6. Bg2 Nf6 7. 0-0 0-0 8. e5 Ne8 9. c4 Nc7 10. Nc3 Rb8 11. a4 Na6 12. Rd1 Nab4 13. h4 h6 14. Bf4 b6 15. b3 Ba6 16. Nb5 Bb7 17. Nc3 Qd7 18. d4 Rbd8 19. dxc5 bxc5 20. cxd5 exd5 21. Kh2 d4 22. Bh3 Qe8 23. Nb5 Na5 24. Nd2 a6 25. Na3 Nd5 26. Qg4 f5 27. exf6 Rxf6 28. Ne4 Rg6 29. Qe2 Nxf4 30. gxf4 Bd6 31. Bf5 Bxf4+ 32. Kh3 Bc8 33. Qh5 Qxe4 0-1

[Event "Basel op 24th"]
[Site "Basel"]
[Date "2022.03.06"]
[Round "4"]
[White "Grutter, Tim"]
[Black "Das, Soham"]
[Result "0-1"]
[WhiteElo "2250"]
[BlackElo "2336"]
[PlyCount "96"]
[EventDate "2022.03.04"]
[EventType "swiss"]
[EventRounds "5"]
[EventCountry "SUI"]
[SourceTitle "EXT 2024"]
[Source "ChessBase"]
[SourceDate "2023.10.10"]
[SourceVersion "1"]
[SourceVersionDate "2023.10.10"]
[SourceQuality "1"]

1. e4 c6 2. Nc3 d5 3. Nf3 Bg4 4. h3 Bxf3 5. Qxf3 e6 6. d4 dxe4 7. Qxe4 Nd7 8. g3 g6 9. Bg2 Bg7 10. Bf4 Ngf6 11. Qe3 0-0 12. Bh6 Qa5 13. Bxg7 Kxg7 14. 0-0 Nd5 15. Nxd5 cxd5 16. f4 Rac8 17. c3 Qb6 18. Rf2 f5 19. Rc1 Nf6 20. b3 Rfd8 21. Rd2 Qa6 22. Rdc2 b5 23. a4 bxa4 24. Ra2 Qb6 25. Rxa4 Rc7 26. Rca1 Qxb3 27. Rxa7 Rdd7 28. R7a3 Qc2 29. Rc1 Qb2 30. Raa1 Ra7 31. Rab1 Qa2 32. Rb6 Ne4 33. g4 Rab7 34. Rxb7 Rxb7 35. gxf5 exf5 36. Bxe4 dxe4 37. Rf1 Rb2 38. Rf2 Rxf2 39. Qxf2 Qa1+ 40. Kh2 Qxc3 41. Qh4 Qd2+ 42. Kh1 Qc1+ 43. Kh2 Qc2+ 44. Kg1 Qc7 45. Kf1 Qc4+ 46. Ke1 Qb4+ 47. Ke2 Qd6 48. Qf2 Qa6+ 0-1